000 00312nam a22001337a 4500
020 _a9780198070924
082 _a030
_bOXF/D
100 _aOXFORD
245 _aOXFORD DICTIONARY OF ENGLISH GRAMMAR
260 _aDELHI
_bOXFORD UNIVERSITY PRESS
_c1994
300 _a443
650 _aDICTIONARY
_zINDIA
942 _cBK
999 _c2020
_d2020